• 首页
  • 本馆介绍
  • 公告通知
  • 最新文献
  • 馆藏检索
  • 电子资源
  • 读者导购
  • 参考咨询
  • 我的图书馆
  • 登录
  • 详细信息显示
  • 放入我的书架
  • 预约/预借图书
  • 作者相关作品
  • 分类相关作品
  • 丛书相关作品
  • 出版社相关作品

书目信息

  • 表格格式
  • 工作单格式
  • 卡片格式
题名:
教学与思考
    
 
作者: 张歌明
分册:  
出版信息: 北京   人民美术出版社  2006
页数: 178
开本: 26cm
丛书名: 教师论丛
单 册:
中图分类: J204
科图分类:
主题词: 绘画理论
电子资源:
ISBN: 7-102-03476-8
000 00542nam0 2200205 450
001 0756677667
005 20070905154437.67
010    @a7-102-03476-8@d¥66.00
100    @a20070905d km y0chiy0120 ea
101 0  @achi
200 1  @a教学与思考@Ajiao xue yu si kao@f张歌明@Fzhang ge ming
210    @a北京@c人民美术出版社@d2006
215    @a178@d26cm
225 2  @a教师论丛
410  0 @12001 @a教师论丛
606 0  @a绘画理论
690    @aJ204@v3
701  0 @a张歌明@Azhang ge ming
801  0 @aCN@bPFT@c20070905
905    @a213230@dJ204@eM20
    
    教学与思考/张歌明.-北京:人民美术出版社,2006
    178;26cm.-(教师论丛)
    
    
    ISBN 7-102-03476-8:¥66.00
    
●
相关链接 在E读中查询图书 在五车中查询图书 在当当中查询图书 在豆瓣中查询图书


正题名:教学与思考     索取号:J204/M20         预约/预借

序号 登录号 条形码 馆藏地/架位号 状态 备注
1 6401680   264016807   美术系资料室/ [索取号:J204/M20] 在馆    
唐山师范学院图书馆 欢迎您!
大连网信软件有限公司© 版权所有